Teilnehmer der Basketball-WM 2023 - Statistiken

Allgemein
  • Dieses Quiz wurde 199 mal gespielt
  • Das Durchschnittsergebnis liegt bei 18 aus 32
Antwortstatistiken
Gruppe Land % Korrekt
Gruppe E Deutschland
99%
Gruppe C Vereinigte Staaten
98%
Gruppe H Kanada
96%
Gruppe G Spanien
93%
Gruppe H Frankreich
92%
Gruppe E Japan
87%
Gruppe B Serbien
85%
Gruppe E Australien
82%
Gruppe G Brasilien
80%
Gruppe B China
76%
Gruppe A Italien
76%
Gruppe D Mexiko
72%
Gruppe C Griechenland
69%
Gruppe F Slowenien
69%
Gruppe D Litauen
65%
Gruppe E Finnland
62%
Gruppe H Lettland
60%
Gruppe C Neuseeland
59%
Gruppe D Ägypten
43%
Gruppe A Philippinen
41%
Gruppe H Libanon
38%
Gruppe D Montenegro
37%
Gruppe G Iran
32%
Gruppe B Südsudan
26%
Gruppe F Georgien
25%
Gruppe A Angola
22%
Gruppe A Dominikanische Republik
22%
Gruppe B Puerto Rico
20%
Gruppe F Venezuela
18%
Gruppe C Jordanien
16%
Gruppe G Elfenbeinküste
13%
Gruppe F Kap Verde
10%
Keine übereinstimmenden Quizze gefunden
Verteilung der Resultate
Anzahl Personen mit jedem Resultat
Perzentil nach korrekt beantworteten Fragen
Ihre Resultats-Entwicklung
Sie haben dieses Quiz noch nicht gespielt